000 00773nam a2200205 a 4500
001 000019793
005 20200929170136.0
008 910305s1990 bo af b 000 0dspa
040 _aDO-SdBNP
_bspa
_cBNPHU
100 1 _aLemaitre, Eduardo,
_d1914-
_942271
245 1 0 _aContra viento y marea :
_bla lucha de Rafael Núñez por el poder /
_cEduardo Lemaitre.
260 _aBogotá :
_bInstituto Caro y Cuervo,
_c1990.
300 _a306 p., :
_bil. ;
_c20 cm.
490 1 _aLa Granada entreabierta ;
_v53
504 _aBiblioteca : p. 297-300
600 1 0 _aNúñez, Rafael,
_d1825-1894.
_925606
651 4 _aColombia
_xPolitics And Government
_y1863-1885.
_932471
651 4 _aColombia
_xPolitics And Government
_y1886-1903.
_932472
830 4 _aLa Granada entreabierta
_v53
_98104
999 _c19306
_d19306